Rupa Bhavani / (Record no. 129079)

MARC details
000 -LEADER
fixed length control field 00834nam a22002657a 4500
003 - CONTROL NUMBER IDENTIFIER
control field dpl
005 - DATE AND TIME OF LATEST TRANSACTION
control field 20180528161925.0
008 - FIXED-LENGTH DATA ELEMENTS--GENERAL INFORMATION
fixed length control field 180528b xxu||||| |||| 00| 0 eng d
010 ## - LIBRARY OF CONGRESS CONTROL NUMBER
LC control number B-091297
020 ## - INTERNATIONAL STANDARD BOOK NUMBER
Terms of availability 25.00
International Standard Book Number 8126009225
035 ## - SYSTEM CONTROL NUMBER
System control number B-091297, B-091301
037 ## - SOURCE OF ACQUISITION
Source of stock number/acquisition Cen Lib/Ret
040 ## - CATALOGING SOURCE
Original cataloging agency DPL
Language of cataloging EN
Transcribing agency 0
082 ## - DEWEY DECIMAL CLASSIFICATION NUMBER
Classification number 820.92
Item number SAD
100 ## - MAIN ENTRY--PERSONAL NAME
Personal name Sadhu, S. L
9 (RLIN) 25346
245 ## - TITLE STATEMENT
Title Rupa Bhavani /
Statement of responsibility, etc by S. L. Sadhu
260 ## - PUBLICATION, DISTRIBUTION, ETC. (IMPRINT)
Place of publication, distribution, etc New Delhi
Name of publisher, distributor, etc Sahitya Akademi
Date of publication, distribution, etc 2003
270 ## - ADDRESS
Address Rabindra Bhavan, 35, Ferozeshah Road
City New Delhi
Postal code 110001
300 ## - PHYSICAL DESCRIPTION
Extent 121p.
Dimensions 21cm(pbk)
490 ## - SERIES STATEMENT
Series statement Makers of Indian literature
500 ## - GENERAL NOTE
General note Includes bibliography
650 ## - SUBJECT ADDED ENTRY--TOPICAL TERM
Topical term or geographic name as entry element Rupa Bhavani, -- -1721
9 (RLIN) 25347
650 ## - SUBJECT ADDED ENTRY--TOPICAL TERM
Topical term or geographic name as entry element Rupa Bhavani, -- -1721 -- Criticism and interpretation
9 (RLIN) 25348
942 ## - ADDED ENTRY ELEMENTS (KOHA)
Source of classification or shelving scheme Dewey Decimal Classification
Koha item type English Books
Classification part 820.92
Call number suffix SAD
Holdings
Withdrawn status Lost status Damaged status Not for loan Home library Current library Date acquired Source of acquisition Cost, normal purchase price Total Checkouts Full call number Barcode Date last seen Copy number Cost, replacement price Price effective from Koha item type Source of classification or shelving scheme Collection code
        Central Library Central Library 04/07/2015 Cen Lib/Ret 25.00   820.92 SAD B-091297 04/07/2015 1 25.00 04/07/2015 English Books    
        Shahdara Branch Shahdara Branch 28/05/2018 BPPD/PUB 25.00   820.92 SAD B-091301 28/05/2018   25.00 28/05/2018 English Books Dewey Decimal Classification Non-fiction

© Delhi Public Library
Hit Counter
free hit counter